| 000 | 00599nam a22001937a 4500 | ||
|---|---|---|---|
| 003 | 0 | ||
| 005 | 20240417104400.0 | ||
| 008 | 240417b xxu||||| |||| 00| 0 eng d | ||
| 020 | _a978-1-912464-11-1 | ||
| 050 |
_aCL _bSh527 2018 |
||
| 082 |
_aCL _bSh527 2018 |
||
| 100 | _aShakespeare, William | ||
| 245 |
_aRomeo and Juliet _cWilliam Shakespeare |
||
| 260 |
_aBerkshire, United Kingdom _bBaker Street Press _cc2018. |
||
| 300 |
_a63 pages : _bcolored illustrations ; _c20cm. |
||
| 650 | _aRomeo and Juliet--English Fiction. | ||
| 650 | _aRomeo and Juliet--Picture Books. | ||
| 942 |
_2ddc _cBK |
||
| 999 |
_c365942 _d365942 |
||